События Года — 2024 - Statistics

General Stats
  • This quiz has been taken 45 times
  • The average score is 10 of 21
Answer Stats
Подсказка Ответ % Correct
Этот человек побеждает на президентских выборах в США Дональд Трамп
86%
Летняя Олимпиада проводится в этом городе Париж
80%
Этого миллиардера арестовывают в Париже Павел Дуров
80%
В России началось замедление работы этой соцсети YouTube
80%
Часть тела, поврежденная им в результате покушения Ухо
74%
Этого рэпера арестовывают по обвинениям в многочисленных преступлениях P. Diddy
60%
Башар Асад отходит от власти и покидает эту страну Сирия
54%
Авиакатастрофа под Актау приводит к напряженности в отношениях России с этой страной Азербайджан
54%
Заканчивается реставрация этого объекта после пожара Собор Парижской Богоматери
51%
На 82-м году жизни умирает этот бессменный телеведущий КВН Александр Масляков
51%
Россия кратковременно запрещает эти товары из Эквадора Бананы
49%
Эта звероподобная субкультура становится предметом скандалов Рунета Квадроберы
49%
Этот человек назначен министром обороны РФ Андрей Белоусов
46%
Моссад организовывает взрывы пейджеров в этой стране Ливан
43%
Этот боди-хоррор с Деми Мур становится сенсацией Субстанция
40%
Саммит БРИКС проходит в этом городе Казань
34%
Эта страна приостанавливает процесс вступления в ЕС, вызывая протесты Грузия
31%
В этой стране президент вводит "военное положение", чтобы избежать импичмента Южная Корея
26%
На фоне выше упомянутого ареста слухи обвиняют и эту певицу Бейонсе
17%
Этот альбом Charli XCX взрывает соцсети Brat
11%
Этот иранский президент разбивается в авикатастрофе Ибрахим Раиси
6%
No matching quizzes found
Score Distribution
Percent of People with Each Score
Percentile by Number Answered
Your Score History
You have not taken this quiz